Guess the footballer born in the year 1991 - Statistics

General Stats
  • This quiz has been taken 28 times
  • The average score is 11 of 16
Answer Stats
Picture Answer % Correct
Antoine Griezmann
96%
N'Golo Kanté
92%
Joël Matip
88%
Riyad Mahrez
85%
Kalidou Koulibaly
81%
Yassine Bounou
77%
Andrej Kramaric
73%
Lorenzo Insigne
73%
Marten De Roon
62%
Pascal Groß
62%
Raul Jiménez
62%
Jordan Ayew
58%
Steven Berghuis
50%
Fabian Schär
42%
Marcus Acuna
42%
Chris Wood
38%
No matching quizzes found
Score Distribution
Percent of People with Each Score
Percentile by Number Answered
Your Score History
You have not taken this quiz